000 00695nam a2200217Ia 4500
001 3085
003 GE_BSU
008 181216s||||||||xx |||||||||||||| ||und||
040 _cGE_BSU
080 _a621.53
100 _aКотляр,И.Я. Пиляк,В.М.
245 _aЭкспулуатация магистральных газопроводов.
245 _cВедущий ред. З.Г.Сегаль.
250 _aИзд 2-ое, перераб. и дополн.
260 _aЛ.
260 _bНедра.
260 _c1971.
300 _a248 стр. 22см. с илл.
653 _aЭкспулуатация магистральных газопроводов.
942 _cBK
999 _c37129
_d37129